LEADER 01057nam0-2200349---450 001 990004719970403321 005 20191202082640.0 010 $a88-221-1578-3 035 $aFED01000471997 035 $a(Aleph)000471997FED01 035 $a000471997 100 $a19990604d1995----km-y0itay50------ba 101 0 $aita 102 $aIT 105 $ay-------001yy 200 1 $a<>cambiamento nei sistemi educativi$eprocessi di riforma e modelli europei a confronto$fGianfranco Rescalli 210 $aScandicci [Fi]$cLa Nuova Italia$d1995 215 $aXXVII, 282 p.$d21 cm 225 1 $aEducatori antichi e moderni$v523 610 0 $aSistemi scolastici$aEuropa$aRiforme$aSec.20 676 $a373.4 676 $a371.0094 700 1$aRescalli,$bGianfranco$0188184 801 0$aIT$bUNINA$gRICA$2UNIMARC 901 $aBK 912 $a990004719970403321 952 $a373.4 RES 1$bBibl. 21356$fFLFBC 952 $a373 RES 1$b5022$fbfs 959 $aBFS 959 $aFLFBC 996 $aCambiamento nei sistemi educativi$9557608 997 $aUNINA LEADER 01374nam2 22003253i 450 001 CFI0456588 005 20251003044141.0 020 $aIT$b71-4913 100 $a20110302d1970 ||||0itac50 ba 101 | $aita 102 $ait 181 1$6z01$ai $bxxxe 182 1$6z01$an 200 1 $aˆ2: ‰Aziende autonome ed enti di finanza speciale$fCalogero Bentivenga 205 $a5. ed. riv 210 $aMilano$cA. Giuffrè$d1970 215 $aVIII, 351 p.$d25 cm. 461 1$1001SBL0563708$12001 $aElementi di contabilità pubblica$fCalogero Bentivenga$v2 606 $aContabilità pubblica$2FIR$3CFIC029403$9E 676 $a343.45034$9DIRITTO FINANZIARIO. BILANCIO PUBBLICO E SPASA PUBBLICA. ITALIA$v21 676 $a350$9AMMINISTRAZIONE PUBBLICA E SCIENZA MILITARE$v21 676 $a352.430945$9AMMINISTRAZIONE PUBBLICA. CONTROLLO FINANZIARIO. Italia$v21 700 1$aBentivenga$b, Calogero$3SBLV015576$4070$0109899 801 3$aIT$bIT-000000$c20110302 850 $aIT-BN0095 $aIT-AV0007 $aIT-CE0068 912 $aCFI0456588 950 2$aBiblioteca Centralizzata di Ateneo$d 01D (AR) 10 376$e 01AR 0700103765 VMA 1 v.$fY $h20160504$i20160504 977 $a 01$a AV$a CP 996 $aAziende autonome ed enti di finanza speciale$91559370 997 $aUNISANNIO